000 00309nam a22001337a 4500
008 170911b xxu||||| |||| 00| 0 eng d
020 _a9781594489143
041 _aeng
080 _a52
100 _a42
101 _aAST
245 _aTHE VIEW FOR THE CENTER OF THE UNIVERSE
_cPRIMACK,J,R
942 _2udc
_cBK
999 _c27068
_d27068